000 00329nam a22001337a 4500
008 171106b xxu||||| |||| 00| 0 eng d
020 _a0815718039
041 _aeng
080 _a330.722.6
100 _a61
101 _aKON
245 _aACCOUNTING FOR UNITED STATES ECONOMIC GROWTH 1929-1969
_cDENISON,E.F
942 _2udc
_cBK
999 _c37833
_d37833